000 00358pab a2200145 454500
008 180718b2005 xxu||||| |||| 00| 0 eng d
100 _aSarkar, Siddartha
245 _aAccounting for water resources
260 _c2005
300 _ap.111-14.
362 _aFeb
650 _aWater resources management
773 _aManagement Accountant
909 _a64208
999 _c64208
_d64208